Movies Quiz

Random Movies or Animation Quiz
Score 0/12 Timer 03:00
9 Plays Today
% Correct
Up
99.6%
The Incredibles
97.7%
WALL-E
94.6%
Cars
93.7%
Brave
92.9%
A Bug's Life
86.6%
Inside Out
85.7%
Ratatouille
79.2%
Finding Nemo
78.8%
Monsters, Inc.
69.8%
Toy Story
63.4%
The Good Dinosaur
57.5%
Remove Ads.
Support Sporcle.
Get the best of Sporcle when you Go Orange. This ad-free experience offers more features, more stats, and more fun while also helping to support Sporcle. Thank you for becoming a member.

You're not logged in!

Compare scores with friends on all Sporcle quizzes.
OR
Log In

Show Comments

Extras

Top Quizzes Today


Score Distribution

Your Account Isn't Verified!

In order to create a playlist on Sporcle, you need to verify the email address you used during registration. Go to your Sporcle Settings to finish the process.

Report this User

Report this user for behavior that violates our Community Guidelines.

Details: